Joueurs NBA par nationalité - Statistiques

Statistiques générales
  • Ce quiz a été pris 81 fois
  • Le résultat moyen est 14 sur 20
Statistiques - réponses
Joueurs Nationalité % Correct
LeBron James Etats-Unis
100%
Victor Wembanyama France
100%
Shai Gilgeous-Alexander Canada
97%
Giánnis Antetokoúnmpo Grèce
97%
Nikola Jokić Serbie
97%
Luka Dončić Slovénie
97%
Franz Wagner Allemagne
92%
Alperen Şengün Turquie
85%
Joël Embiid (Origine) Cameroun
79%
Lauri Markkanen Finlande
79%
Josh Giddey Australie
63%
Jonas Valančiūnas Lituanie
63%
Nikola Vučević Monténégro
58%
Ivica Zubac Croatie
56%
Paolo Banchero (Origine) Italie
56%
Jusuf Nurkić Bosnie
47%
Karl-Anthony Towns République Dominicaine
47%
OG Anunoby Royaume-Uni
46%
Deandre Ayton Bahamas
38%
Norman Powell Jamaïque
28%
Aucun quiz correspondant
Distribution des résultats
% des personnes avec chaque résultat
Percentile par nombre de réponses
Votre historique - résultats
Vous n’avez pas pris ce quiz